| 000 | 00601nam a22001577a 4500 | ||
|---|---|---|---|
| 999 |
_c535509 _d535509 |
||
| 020 | _qHard Cover. | ||
| 082 | _a621.3 | ||
| 100 | _aMuhammad Adnan, Syed | ||
| 245 |
_aImplementation & Evaluation of Sha-3 Candidate Grostl on FPGA Platform using Optimized Architectures for High Throughput and Low Area / _cSyed Muhammad Adnan. |
||
| 260 |
_aIslamabad: _bPNEC NUST, _c2012. |
||
| 300 |
_a50 p. : _bill. ; _c30cm. |
||
| 942 |
_2ddc _cTHE |
||
| 650 |
_aElectrical Engineering in Communication MS-Thesis. _930101 |
||
| 700 |
_aDr. Arshad Aziz _929617 |
||